[Event "Catarinense-ch U20"]
[Site "Concordia"]
[Date "2013.05.17"]
[Round "1"]
[White "Da Silva, Rafael Fleck"]
[Black "Colossi, Caetano Gemelli"]
[Result "1-0"]
[WhiteElo "1939"]
[BlackElo "1813"]
[PlyCount "83"]
[EventDate "2013.05.17"]
[EventType "swiss"]
[EventRounds "6"]
[EventCountry "BRA"]
[SourceTitle "EXT 2015"]
[Source "ChessBase"]
[SourceDate "2014.11.20"]
[SourceVersion "1"]
[SourceVersionDate "2014.11.20"]
[SourceQuality "1"]

1. e4 e5 2. Nc3 Nc6 3. Bc4 Bc5 4. d3 Nf6 5. Na4 Bd4 6. c3 Bb6 7. Nxb6 axb6 8. f4 d6 9. Nf3 0-0 10. 0-0 Bg4 11. h3 Bh5 12. g4 Bg6 13. f5 Bxf5 14. gxf5 Nh5 15. Ng5 Nf6 16. Qe1 Re8 17. Bxf7+ Kf8 18. Ne6+ Kxf7 19. Nxd8+ Rexd8 20. Bg5 h6 21. Bxf6 gxf6 22. Qh4 Rg8+ 23. Kh2 Rg7 24. Qxh6 Ne7 25. Rg1 Rag8 26. Rxg7+ Rxg7 27. Rg1 Rxg1 28. Kxg1 Ng8 29. Qg6+ Kf8 30. h4 b5 31. h5 c5 32. h6 Nxh6 33. Qxh6+ Ke7 34. Qg7+ Kd8 35. Qxf6+ Kc7 36. Qe7+ Kc6 37. f6 b4 38. f7 bxc3 39. bxc3 b6 40. f8Q Kb5 41. Qd7+ Ka5 42. Qa8# 1-0

[Event "Catarinense-ch U20"]
[Site "Lacerdapolis"]
[Date "2012.05.04"]
[Round "1"]
[White "Moraes, Pedro Henrique Godo"]
[Black "Da Silva, Rafael Fleck"]
[Result "0-1"]
[WhiteElo "1800"]
[BlackElo "1927"]
[PlyCount "76"]
[EventDate "2012.05.04"]
[EventType "swiss"]
[EventRounds "6"]
[EventCountry "BRA"]
[SourceTitle "CBM 148 Extra"]
[Source "ChessBase"]
[SourceDate "2012.06.22"]
[SourceVersion "1"]
[SourceVersionDate "2012.06.22"]
[SourceQuality "1"]

1. d4 Nf6 2. c4 e5 3. e3 exd4 4. exd4 Bb4+ 5. Bd2 Bxd2+ 6. Nxd2 0-0 7. Bd3 d5 8. Ne2 Re8 9. 0-0 Nc6 10. Re1 Bg4 11. f3 Be6 12. Nf4 dxc4 13. Nxe6 Rxe6 14. Bxc4 Rxe1+ 15. Qxe1 Nxd4 16. Rd1 Qe8 17. Ne4 Nxe4 18. fxe4 c5 19. Rd3 Qe7 20. Rd1 Rd8 21. a3 Re8 22. b4 h6 23. bxc5 Qxc5 24. Qf2 Qxc4 25. Qxd4 Qxd4+ 26. Rxd4 Re7 27. Kf2 Kh7 28. Kf3 Kg6 29. Kf4 Rc7 30. Rd6+ f6 31. Rd2 Rc3 32. Kg4 Rxa3 33. h4 h5+ 34. Kf4 b5 35. e5 Ra4+ 36. Ke3 fxe5 37. Rd6+ Kf5 38. Rd7 g6 0-1